Select fruit from the land of Beulah. (Record no. 16367)

000 -LEADER
fixed length control field 00534nam a2200169 a 4500
001 - CONTROL NUMBER
control field :::00019247$&:&@@
003 - CONTROL NUMBER IDENTIFIER
control field OkBaRHE
005 - DATE AND TIME OF LATEST TRANSACTION
control field 20010228115937.0
008 - FIXED-LENGTH DATA ELEMENTS--GENERAL INFORMATION
fixed length control field j 000 0 eng u
040 ## - CATALOGING SOURCE
Transcribing agency
100 1# - MAIN ENTRY--PERSONAL NAME
Personal name Hames, J. M. (John Marvin) 1887-1978
245 10 - TITLE STATEMENT
Title Select fruit from the land of Beulah.
260 ## - PUBLICATION, DISTRIBUTION, ETC. (IMPRINT)
Place of publication, distribution, etc Louisville, Kentucky
Name of publisher, distributor, etc Pentecostal Publishing Company
300 ## - PHYSICAL DESCRIPTION
Extent 41 p.
942 ## - ADDED ENTRY ELEMENTS (KOHA)
Source of classification or shelving scheme
Koha item type Books
Copies
Shelving location Koha item type Full call number Barcode Price effective from Date last seen Permanent Location Not for loan Date acquired Damaged status Withdrawn status Lost status Copy number Source of classification or shelving scheme
General StacksBooksBV 4501 .H3554192472010-04-142010-04-14RHEMA Bible Training College 2010-04-14   1